[Event "RUS-ch"]
[Site "Elista"]
[Date "1995.??.??"]
[Round "1"]
[White "Svidler, Peter"]
[Black "Solozhenkin, Evgeniy"]
[Result "1-0"]
[WhiteElo "2635"]
[BlackElo "2515"]
[Annotator "Nikitin,A"]
[PlyCount "77"]
[EventDate "1995.10.??"]
[EventType "swiss"]
[EventRounds "11"]
[EventCountry "RUS"]
[SourceTitle "CBM 050"]
[Source "ChessBase"]
[SourceDate "1996.02.01"]
[SourceVersion "1"]
[SourceVersionDate "1996.02.01"]
[SourceQuality "1"]

1. e4 Nf6 2. e5 Nd5 3. d4 d6 4. Nf3 Bg4 5. Be2 e6 6. O-O Be7 7. h3 Bh5 8. c4
Nb6 9. Nc3 O-O 10. Be3 d5 11. cxd5 exd5 12. g4 Bg6 13. Ne1 Nc6 {N/} (13... Bb4
$5 14. Rc1 (14. f4 Bxc3 15. bxc3 Be4) 14... Nc6 15. Ng2 f6 16. e6 Qe7 17. Nf4
Bxc3 18. Rxc3 Nd8 19. Qb3 $13 {Hebden,M-Bricard,F/Clermont Ferrand/1989/}) 14.
f4 f5 15. exf6 $2 (15. b3 $13) 15... Bxf6 16. Nf3 h6 17. b3 Qd6 18. Bd3 Rae8 $1
19. Qd2 $2 (19. Ne5 $1 Nxe5 20. dxe5 Bxe5 21. Nb5 (21. fxe5 Qxe5 22. Rxf8+ Rxf8
23. Bf2 Rxf2 24. Kxf2 Qh2+ 25. Ke1 Qg3+ 26. Ke2 Qg2+ 27. Ke1 (27. Ke3 $2 d4+ $1
28. Kxd4 Qf2+ 29. Ke5 Qf6#) 27... Qg3+ $10) 21... Qf6 22. Bxg6 Bxa1 23. Bxe8
Rxe8 24. Qxa1 Qxa1 25. Rxa1 Rxe3 26. Nxc7 Rxh3 $17) 19... Bxd3 20. Qxd3 Nb4 21.
Qd2 Nc2 $1 22. Qxc2 Rxe3 23. Ne2 $6 (23. Ne5 $5 Bxe5 24. fxe5 Rxf1+ 25. Rxf1
Qe7 26. Ne2 Rxh3 27. Qf5 $13) 23... Rfe8 $1 (23... g5 24. fxg5 Bxg5 (24... hxg5
25. Kg2 Rfe8 $13) 25. Nxg5 hxg5 26. Rxf8+ Qxf8 27. Rf1 Qe8 $13) 24. Ne5 $1 Rxh3
25. Kg2 Rh4 26. Qf5 (26. Kg3 Nd7 27. Qf5 Nf8 28. Rh1 Rxh1 29. Rxh1 Qa6 $17)
26... c5 27. Ng3 Bxe5 28. dxe5 Qc6 29. Rae1 Rf8 30. e6 $1 Nc8 $2 (30... d4+ $1
31. Qe4 Nd5 32. Nf5 Rxg4+ 33. Kh3 Qe8 $1 34. Ng3 Nf6 35. Qe5 Qg6 36. Rf3 Rh4+
$1 $17) 31. Qe5 Ne7 32. Nh5 $1 Rxg4+ 33. Kh3 d4 $2 $138 (33... Rh4+ $1 34. Kg3
(34. Kg2 d4+ 35. Rf3 Rg4+ 36. Kf2 Rf5 $17 37. Qb8+ Kh7 38. Ng3 Rf6 39. f5 Nxf5
40. Nxf5 Rxf5 $1 $19) (34. Kxh4 Ng6+ 35. Kg4 Nxe5+ 36. Rxe5 g6 37. Ng3 Re8 38.
Rfe1 $13) 34... Nf5+ 35. Qxf5 Rxf5 36. Kxh4 Qe8 37. Ng3 Qe7+ 38. Kg4 Rf6 39. f5
Rf8 40. Rf4 $13) 34. Kxg4 Qg2+ 35. Ng3 Rf6 36. f5 h5+ (36... Nxf5 37. Qxf5 Rxf5
38. Rxf5 g6 39. Rff1 h5+ 40. Kf4 g5+ 41. Kf5 $16) 37. Kxh5 Qh3+ (37... g6+ 38.
Kg5 Nd5 39. Qxd5 $1 $18) 38. Kg5 Nc6 39. Rh1 1-0

[Event "RUS-ch"]
[Site "Elista"]
[Date "1995.??.??"]
[Round "11"]
[White "Svidler, Peter"]
[Black "Morozevich, Alexander"]
[Result "1-0"]
[WhiteElo "2635"]
[BlackElo "2630"]
[Annotator "Nikitin,A"]
[PlyCount "107"]
[EventDate "1995.10.??"]
[EventType "swiss"]
[EventRounds "11"]
[EventCountry "RUS"]
[SourceTitle "CBM 050"]
[Source "ChessBase"]
[SourceDate "1996.02.01"]
[SourceVersion "1"]
[SourceVersionDate "1996.02.01"]
[SourceQuality "1"]

1. e4 {Giese Donev} c5 2. Nf3 Nc6 3. d4 cxd4 4. Nxd4 e6 5. Nc3 d6 6. Be2 Nf6 7.
O-O Be7 8. Be3 O-O 9. f4 a6 10. Kh1 Qc7 11. Qe1 Nxd4 12. Bxd4 b5 13. a3 Bb7 14.
Qg3 Bc6 15. Rae1 Qb7 (15... Rac8 $5 16. Bd3 e5 $1 17. fxe5 Nh5 18. Qh3 dxe5 19.
Nd5 $1 (19. Bxe5 $2 Qxe5 20. Rf5 Qxf5 21. exf5 Nf4 22. Qg3 Bxg2+ 23. Kg1 Bc5+
$17) 19... Bxd5 20. Bxe5 $1 Qxe5 21. exd5 Qg5 $8 22. Rf5 Qh4 $8 23. Qxh4 Bxh4
24. Rxh5 Bxe1 25. Bxh7+ Kh8 26. Bf5+ Kg8 27. Bh7+ $10) 16. Bd3 Rac8 $2 (16...
a5 $6 17. e5 dxe5 18. fxe5 Nh5 19. Qh3 g6 20. Ne4 $36 Rfd8 21. c3 b4 22. g4 Ng7
23. Kg1 $16) (16... b4 17. axb4 (17. Nd1 Bb5 $5 $13) 17... Qxb4 18. Ne2 Qb7 19.
e5 Nh5 20. Qh3 g6 21. Ng3 dxe5 22. Bxe5 Nxg3+ 23. hxg3 Bb5 24. c4 Bc6 25. g4
Rad8 $1 $13 {Shirov,A-Ivanchuk,V/Linares/1993/0,5/35/}) (16... Rad8) 17. Qh3 $1
{Doenv: Der Anziehende hat gute aussichten für eine Königsangriff.} g6 (17...
h6 $2 18. Re3 $1 b4 19. Rg3 Kh8 20. axb4 Qxb4 21. Ne2 $40) (17... Nd7 $2 18.
Nd5 $1 $16) 18. f5 $1 $16 Bd7 (18... e5 19. Be3 d5 (19... Nxe4 20. Bxe4 Bxe4
21. f6 $16) 20. exd5 Bxd5 21. Bh6 Rfe8 22. Rxe5 $16) (18... gxf5 {Donev} 19.
exf5 e5) (18... e5 $5) 19. Bxf6 $1 Bxf6 20. e5 $1 Bh8 (20... Bxe5 21. Rxe5 dxe5
22. f6 (22. Ne4 exf5 $19) 22... h5 $8 (22... Kh8 23. Qh6 Rg8 24. Rf3 (24. Ne4
$18 {Donev}) 24... Bc6 25. Qxh7+ Kxh7 26. Rh3#) 23. Qe3 (23. Qh4 Bc6 (23... Rc4
$5 {Donev}) 24. Qg5 Bxg2+ 25. Qxg2 (25. Kg1 {Donev} Bxf1 26. Be4 Qb6+ 27. Kxf1
Qd8 $1 $19) 25... Qxg2+ 26. Kxg2 $14) 23... Kh7 24. Qg5 (24. Ne4 {Donev} Bc6
25. Ng5+ Kg8 26. Ne4 Kh7 27. Ng5+ $10) 24... Rh8 25. Rf3 (25. Ne4 Qd5 $1 $13)
25... Bc6 (25... Rxc3 26. Rh3 (26. bxc3 e4 27. Rh3 Kg8 28. Be2 Qd5 $1 $15)
26... Kg8 $8 (26... Rxd3 27. Rxh5+ Kg8 28. Rxh8+ Kxh8 29. Qh6+ Kg8 30. Qg7#)
27. Bxg6 Kf8 28. Bxf7 $18) 26. Rh3 Bxg2+ (26... Kg8 27. Bxg6 Bxg2+ 28. Kg1 $1
Kf8 $1 29. Rxh5 Rg8 30. Qh6+ Ke8 31. Rg5 fxg6 32. Rxe5 $40) 27. Qxg2 Qxg2+ 28.
Kxg2 Kh6 29. Re3 $16) (20... dxe5 21. Ne4 Be7 22. f6 $18) 21. f6 {Doenv: Der
Läufer h8 bleibt eingespert.} Rxc3 $8 {[%csl Rh8] this move doesn t solve
Black s Bh8-problem mit diesem Zug gelingt es Schwarz nicht, seinen Bh8 zu
aktivieren} (21... dxe5 22. Ne4 $18) 22. bxc3 Bc6 (22... dxe5 23. Rxe5 Bc6 24.
Rg5 $1 $40 Rd8 25. Qh6 Rd5 26. Rg4 Re5 27. h4 Be4 28. Bxe4 Rxe4 29. Qd2 h5 30.
Qd8+ Kh7 31. Qe7 $18) 23. exd6 Rd8 24. Qg3 Bd5 25. a4 Qc6 26. axb5 axb5 27. d7
(27. Rb1 Qxc3 (27... e5 28. Bxb5 Qxd6 29. Rbd1 $18) (27... Bc4 28. Qe5 $18) 28.
Qf4 (28. Qf2 b4 29. Qb6 Bxf6 30. Rxb4 Qd2 31. Rf2 Qe1+ 32. Bf1 $16) 28... e5 (
28... Qc6 29. Rf2 Qxd6 30. Qxd6 Rxd6 31. Rxb5 h5 32. Rb8+ Kh7 33. Re8 $16) 29.
Qb4 Qc6 30. Qxb5 Qxd6 31. Qb6 $16) 27... Qxd7 28. Qe5 {[%csl Rh8] +/-/+-} Qc8
29. Rd1 Bc6 30. Be2 h6 31. h4 Rxd1 32. Rxd1 Qa8 33. Bf1 Bd5 34. Rd4 Qa1 35. Rf4
Qd1 (35... Bc4 {Donev} 36. Qb8+ Kh7 37. Qc7 e5 38. Kh2 $1 $18) 36. Qb8+ Kh7 37.
Qc7 e5 38. Qxe5 $18 Bc4 39. Kh2 Bxf1 40. Qe7 Bxf6 (40... Bc4 {Donev} 41. Rxc4
$18) 41. Qxf6 Bc4 42. Rxc4 bxc4 43. Qxf7+ Kh8 44. Qxg6 h5 45. Qh6+ Kg8 46. Qe6+
Kh7 47. Qxc4 Qd6+ 48. Kg1 Qd1+ 49. Qf1 Qxc2 50. Qf7+ Kh6 51. Qf6+ Kh7 52. Qe5
Qd1+ 53. Kh2 Qg4 54. Qd4 1-0

[Event "Groningen"]
[Site "Groningen"]
[Date "1995.??.??"]
[Round "3"]
[White "Leko, Peter"]
[Black "Svidler, Peter"]
[Result "1/2-1/2"]
[WhiteElo "2605"]
[BlackElo "2635"]
[PlyCount "77"]
[EventDate "1995.12.??"]
[EventType "tourn"]
[EventRounds "11"]
[EventCountry "NED"]
[EventCategory "17"]
[SourceTitle "CBM 051"]
[Source "ChessBase"]
[SourceDate "1996.04.01"]
[SourceVersion "1"]
[SourceVersionDate "1996.04.01"]
[SourceQuality "1"]

1. e4 e5 2. Nf3 Nc6 3. Bb5 a6 4. Ba4 Nf6 5. O-O Be7 6. Re1 b5 7. Bb3 d6 8. c3
O-O 9. h3 Nb8 10. d4 Nbd7 11. Nbd2 Bb7 12. Bc2 Re8 13. Nf1 Bf8 14. Ng3 g6 15.
b3 c6 16. Bg5 h6 17. Be3 Bg7 18. Qd2 Kh7 19. Nh2 Qc7 20. Ng4 Nxg4 21. hxg4 d5
22. g5 hxg5 23. Bxg5 exd4 24. cxd4 c5 25. Bf4 Qc8 26. e5 cxd4 27. Rac1 Qd8 28.
Qxd4 Kg8 29. Nf1 Qh4 30. g3 Qe7 31. Bxg6 Nxe5 32. Bxe5 Bxe5 33. Qb6 Rab8 34.
Bd3 Qg5 35. Qe3 Qf6 36. Qe2 Qg5 37. Qe3 Qf6 38. Qe2 Qg5 39. Qe3 1/2-1/2

[Event "Groningen"]
[Site "Groningen"]
[Date "1995.??.??"]
[Round "11"]
[White "Adams, Michael"]
[Black "Svidler, Peter"]
[Result "0-1"]
[WhiteElo "2660"]
[BlackElo "2635"]
[Annotator "Svidler,P"]
[PlyCount "86"]
[EventDate "1995.12.??"]
[EventType "tourn"]
[EventRounds "11"]
[EventCountry "NED"]
[EventCategory "17"]
[SourceTitle "CBM 051"]
[Source "ChessBase"]
[SourceDate "1996.04.01"]
[SourceVersion "1"]
[SourceVersionDate "1996.04.01"]
[SourceQuality "1"]

1. e4 {Stohl} d6 2. d4 Nf6 3. Nc3 g6 4. Be3 a6 $6 {N/} (4... Nbd7 {Stohl} 5. f4
Nb6 6. Nf3 Bg7 7. Bd3 Ng4 8. Bg1 d5 9. e5 f6 10. Qe2 O-O 11. h3 Nh6 12. g4 f5
13. g5 Nf7 14. h4 Be6 15. h5 Re8 16. O-O-O Nh8 17. Be3 Kf7 18. Kb1 c6 19. Nd2
Nd7 20. Qg2 a5 21. Ne2 $16 {(),Huebner,R-Pfleger,H/BL 8687/1986/}) 5. Nf3 (5.
a4 b6 6. Nf3 Bb7 7. d5 Bg7 8. Bc4 O-O 9. O-O Nbd7 10. Nd4 Ne5 11. Be2 c5 12.
Nb3 Qd7 13. h3 Qc7 14. f4 Ned7 15. Bc4 Nh5 16. Qf3 f5 17. exf5 Rxf5 18. g4 $1
Ne5 19. fxe5 $1 Rxf3 20. Rxf3 Bxe5 21. gxh5 $16 {Ravi,T-Sahu,S/Calcutta op/
1993/}) 5... Bg7 (5... b5 6. e5 $16) 6. Qd2 O-O (6... b5 7. Bh6 Bxh6 8. Qxh6 b4
9. Nd5 $16) 7. Bh6 Bg4 8. O-O-O Bxf3 (8... Nc6 9. d5 Ne5 10. Be2 Bxf3 11. gxf3
c6 12. h4 $1 cxd5 13. h5 $16) (8... Nbd7 9. Bxg7 Kxg7 (9... Bxf3 10. Bxf8 Bxd1
11. Bh6 $16) 10. e5 Ng8 11. Qe3 $16) (8... b5 $5 {Stohl} 9. Bxg7 Kxg7 10. Qf4
Qc8 11. e5 Nh5 12. Qe4 Ra7 13. h3 Bxf3 14. Qxf3 Kg8 15. g4 Ng7 16. h4 b4 17.
Nd5 c6 18. Ne3 dxe5 19. dxe5 Qe6 20. Nc4 Rd7 21. Bd3 Rd4 22. b3 Qxg4 23. Qe3
Qf4 $15 {Gallagher,J-Reilly,T/London Lloyds/1993/}) 9. gxf3 Nbd7 10. Bxg7 Kxg7
11. f4 $14 {[%csl Gd4,Ge4,Gf4,Rg7] Stohl: [+],(),עg7 Black's only chance to
beat off the looming attack is a King-side blockade. But if White plays
accurately it's impossible to achieve.} e6 (11... e5 12. dxe5 dxe5 13. fxe5 (
13. Bh3 $1 Nc5 (13... Qe7 14. Bxd7 Rad8 15. Nd5 Qxd7 16. fxe5 Nxe4 17. Qd4 Qf5
18. e6+ Nf6 19. e7 Rxd5 20. exf8=Q+ Kxf8 21. Qb4+ $10) 14. Qe3 Qe7 15. fxe5
Qxe5 16. f4 Qe7 17. e5 Nfd7 18. Nd5 $18) 13... Nxe5 14. Qe3 Qe7 15. f4 Nc6 16.
e5 Ng4 17. Qg3 (17. Qf3 Nh6 18. Nd5 Qc5 $13) 17... Nh6 18. Bd3 Rad8 19. h4 Nd4
20. h5 Nhf5 21. Qf2 $14) 12. h4 (12. e5 $5 Ne8 (12... Ng8 13. d5 $1 exd5 14.
Qxd5 Ne7 15. Qxb7 $16) 13. h4 $36) (12. f5 $6 exf5 (12... e5 $5 {Stohl} 13.
dxe5 dxe5 14. Bh3 Nb6 $13) 13. exf5 d5 14. Bg2 c6 $10 {/\} 15. fxg6 fxg6 $1)
12... d5 (12... h5 {Stohl} 13. f5 $40) 13. e5 Ng8 14. h5 {[%cal Yd2e3,Ye3h3] /
\Qe3-h3->} f5 (14... Ne7 {Stohl} 15. Bd3 $16) 15. Qe3 Ne7 16. Ne2 $1 Rc8 17.
Rh4 $6 (17. Ng1 $1 $16 {/\Nf3-g5/}) (17. Ng1 $142 $5 {[%csl Re6][%cal Yg1f3,
Yf3g5] Stohl: /\Nf3-g5+/-,><e6 was very strong. The text is time-consuming and
weaker.}) 17... c5 18. Qh3 Rh8 19. Bg2 Nc6 20. Rh1 (20. hxg6 hxg6 21. Rxh8 Qxh8
22. Qg3 Nxd4 23. Nxd4 cxd4 24. Rh1 Qd8 25. Qh2 Nf8 $5 $15 (25... Qh8 {Stohl}
26. Qg3 Qd8 $10)) 20... g5 $1 $8 21. h6+ (21. fxg5 Qxg5+ (21... Nxd4 22. Nxd4
cxd4 23. f4 Qc7 24. Qd3 Nc5 25. Qd1 Qb6 $132) 22. f4 Qe7 23. Bxd5 (23. h6+ Kf8
24. Bxd5 exd5 25. Qxf5+ Ke8 $146) 23... exd5 24. Ng3 (24. Qxf5 $2 Rhf8 25. Rg1+
Kh8 $19) 24... Rhf8 25. Nxf5+ Rxf5 26. Qxf5 Nxd4 27. Qg4+ Kh8 $14) 21... Kf8
22. Rh5 {Stohl: Allowing the aforementioned blockade, after which the position
turns around completely-instead of attacking chances White will be saddled
with weak pawns (f2,f4,h6) in a bad endgame.} (22. fxg5 cxd4 (22... Qxg5+ $5 {
Stohl} 23. Kb1 Nxd4 $132) 23. Nf4 (23. f4 {Stohl} d3 24. Nc3 Ne7 $17) 23...
Qxg5 24. Kb1 Nd8 $13) 22... g4 23. Qa3 (23. Qd3 Ne7 $13) 23... Qa5 $1 (23...
Qe7) 24. Qxa5 Nxa5 $15 {[%csl Rf2,Rf4,Rh6] _|_,ק} 25. dxc5 $2 Nxc5 26. Rd1 (
26. b4 Nd3+ $19) 26... Nc6 27. c4 $6 {Stohl: White's attempt to open the
position is justified, (it's the only chance he has) only he should have
started on the other side.} (27. a3 Ke7 28. b4 Nd7 $15) (27. f3 $142 $1 {Stohl}
Rg8 (27... g3 28. Nxg3 Rg8 29. Rh3 Ne7 30. Bf1 Ng6 31. Ne2) 28. fxg4 Rxg4 29.
Bf3 Rg6 $36) 27... dxc4 28. Bxc6 (28. Rd6 Nd8 29. Nd4 Rg8 $17) 28... Nd3+ $1 (
28... bxc6 {Stohl} 29. Rd4 $44) 29. Kd2 (29. Rxd3 $2 {Stohl} cxd3 $19) 29...
bxc6 (29... Rxc6 $5 $17 {Stohl}) 30. Ke3 Ke7 31. Rg5 (31. b3 Rhd8 32. Rg5 Nb2
33. Rg7+ Kf8 34. Rxd8+ Rxd8 35. Nc1 Rd1 $19) 31... Rhg8 (31... Rcd8 $5 32. b3
Nxe5 $1 33. Rxd8 Rxd8 34. Rg7+ Nf7 35. bxc4 $146) 32. Rxg8 Rxg8 33. b3 c5 34.
Rh1 (34. bxc4 {Stohl} Nb2 35. Rc1 Rd8 36. Ng3 (36. f3 Rd3+ 37. Kf2 Rxf3+ $19)
36... Rd3+ 37. Ke2 Ra3 38. Rc2 Nd3 $19) 34... Rd8 35. Rd1 cxb3 36. axb3 (36.
Rxd3 {Stohl} Rxd3+ 37. Kxd3 bxa2 $19) 36... Nxf4 $1 $19 {Stohl: A nice
tactical trick clinches the point for Black.} 37. Rxd8 Ng2+ 38. Kd3 Kxd8 39.
Kc4 f4 40. Kxc5 g3 $1 41. f3 (41. fxg3 {Stohl} f3 $19 {[%csl Gf3] o^f}) 41...
Kc7 42. Kd4 (42. Nd4 {Stohl} Kd7 43. Ne2 (43. Kb6 Ne1 44. Kxa6 g2 45. Ne2 Nxf3
46. b4 Nxe5 $19) 43... Ne1 44. Nxf4 Nd3+ $1 $19) 42... Nh4 43. Ke4 (43. Nxf4 {
Stohl} g2 44. Nxg2 Nxg2 $19) 43... Ng6 0-1

[Event "Moscow PCA qual"]
[Site "Moscow"]
[Date "1996.??.??"]
[Round "2"]
[White "Gurevich, Mikhail"]
[Black "Svidler, Peter"]
[Result "1/2-1/2"]
[WhiteElo "2590"]
[BlackElo "2630"]
[PlyCount "73"]
[EventDate "1996.??.??"]
[EventType "swiss"]
[EventRounds "11"]
[EventCountry "RUS"]
[SourceTitle "CBM 052 Extra"]
[Source "ChessBase"]
[SourceDate "1996.07.01"]
[SourceVersion "1"]
[SourceVersionDate "1996.07.01"]
[SourceQuality "1"]

1. c4 Nf6 2. Nc3 g6 3. e4 d6 4. g3 Bg7 5. Bg2 c5 6. Nge2 Nc6 7. d3 Rb8 8. Rb1
O-O 9. O-O Bg4 10. f3 Bd7 11. Be3 a6 12. a4 Be6 13. h3 Ne8 14. f4 Nd4 15. b4
Nc7 16. Bf2 Nxe2+ 17. Nxe2 cxb4 18. a5 Na8 19. Qa4 b5 20. axb6 Nxb6 21. Qxb4
Nxc4 22. Qxb8 Qxb8 23. Rxb8 Rxb8 24. dxc4 Bxc4 25. Re1 Rb2 26. Bf1 a5 27. Bd4
Rxe2 28. Bxe2 Bxd4+ 29. Kg2 Bb3 30. Rb1 Bc2 31. Rb8+ Kg7 32. Kf3 e6 33. Bb5 a4
34. Ra8 Bd1+ 35. Kg2 Bc2 36. Kf3 Bd1+ 37. Kg2 1/2-1/2

[Event "St Petersburg-ch"]
[Site "St Petersburg"]
[Date "1996.??.??"]
[Round "1"]
[White "Svidler, Peter"]
[Black "Ionov, Sergey"]
[Result "1-0"]
[WhiteElo "2650"]
[BlackElo "2490"]
[PlyCount "121"]
[EventDate "1996.04.??"]
[EventType "tourn"]
[EventRounds "13"]
[EventCountry "RUS"]
[EventCategory "11"]
[SourceTitle "CBM 056"]
[Source "ChessBase"]
[SourceDate "1997.02.01"]
[SourceVersion "1"]
[SourceVersionDate "1997.02.01"]
[SourceQuality "1"]

1. e4 e6 2. d4 d5 3. Nd2 c5 4. exd5 Qxd5 5. Ngf3 cxd4 6. Bc4 Qd6 7. O-O Nf6 8.
Nb3 Nc6 9. Nbxd4 Nxd4 10. Nxd4 a6 11. Bb3 Qc7 12. Qf3 Bd6 13. Kh1 O-O 14. Bg5
Nd7 15. c3 Ne5 16. Qh5 Ng6 17. Bc2 Qc5 18. Qg4 Bd7 19. Rad1 Qc7 20. Rfe1 Rae8
21. Qh5 Bf4 22. Bxf4 Qxf4 23. Kg1 Rd8 24. Qa5 Bc8 25. Nf3 Rxd1 26. Rxd1 Nh4 27.
Bxh7+ Kxh7 28. Qh5+ Kg8 29. Qxh4 Qxh4 30. Nxh4 e5 31. Nf3 f6 32. Rd6 Kf7 33.
Kf1 Ke7 34. Rb6 Kd7 35. Nd2 Kc7 36. Rb4 Be6 37. a3 Rh8 38. h3 Rd8 39. Ke2 Kc6
40. Rh4 b6 41. f4 exf4 42. Rxf4 Bd5 43. Rg4 Re8+ 44. Kf2 g5 45. c4 Be6 46. Re4
Kd6 47. Re3 f5 48. b3 Rg8 49. Nf3 g4 50. Nd4 Bd7 51. Ne2 gxh3 52. gxh3 Bc6 53.
Nf4 Be4 54. Rg3 Rxg3 55. Kxg3 Ke5 56. h4 Bc2 57. b4 Bd1 58. c5 bxc5 59. Nd3+
Kd4 60. bxc5 Kxd3 61. Kf4 1-0

[Event "St Petersburg-ch"]
[Site "St Petersburg"]
[Date "1996.??.??"]
[Round "2"]
[White "Ivanov, Sergey"]
[Black "Svidler, Peter"]
[Result "1/2-1/2"]
[WhiteElo "2515"]
[BlackElo "2650"]
[Annotator "Hazai,L"]
[PlyCount "90"]
[EventDate "1996.04.??"]
[EventType "tourn"]
[EventRounds "13"]
[EventCountry "RUS"]
[EventCategory "11"]
[SourceTitle "CBM 056"]
[Source "ChessBase"]
[SourceDate "1997.02.01"]
[SourceVersion "1"]
[SourceVersionDate "1997.02.01"]
[SourceQuality "1"]

1. d4 {Hecht} Nf6 2. c4 g6 3. Nc3 Bg7 4. e4 d6 5. Be2 O-O 6. Bg5 Nbd7 7. f3 a6
8. Nh3 c6 9. Nf2 b5 10. O-O bxc4 11. Bxc4 Rb8 12. Qe2 (12. Rb1 $5 Qa5 (12... a5
13. Re1 $14) 13. Qd2 $14) 12... c5 13. dxc5 (13. e5 $2 cxd4 14. exf6 exf6 15.
Bf4 dxc3 16. Bxd6 Rxb2 $19) 13... Nxc5 14. Rfd1 (14. e5 dxe5 15. Qxe5 Be6 16.
Qxc5 Rc8) 14... h6 (14... Qe8 15. Rab1 a5 16. e5 $1 dxe5 17. Qxe5 Be6 18. Qxc5
Rc8 19. Qxa5 Rxc4 {(Deng Kongliang-Ye Jiangchuan, Beijing 1988)} 20. b3 $1 Rc8
(20... Rxc3 21. Qxc3 Ne4 22. Qe3 Nc3 23. Bh6 $16) 21. Bxf6 Bxf6 22. Nd5 $16)
15. Be3 Qa5 16. Rab1 (16. a3 Nb3 17. Bxb3 Rxb3) 16... Bd7 {[#]} (16... Be6 17.
Bxc5) 17. e5 $5 {This looks a very promising continuation in view of the nasty
pins. However Svidler's brilliant defence was good enough for a draw.  DEFENCE}
(17. Bxc5 Qxc5 18. Bxa6 {wins a pawn, but Black grabs the initiative.} Nh5 19.
Nd5 (19. Rd5 Nf4 $1) 19... e6 20. b4 Qa7 21. Ne7+ Kh7 22. Rxd6 (22. b5 Bd4)
22... Bd4 23. Qd2 Bc5 24. Rxd7 Qxa6 $44) (17. a3 Na4) 17... dxe5 18. Nd5 Nxd5
19. Rxd5 Rfc8 20. Nd3 (20. Bxc5 Rxc5 21. Rxd7 Qa4 22. Bxf7+ Kxf7 23. Qd3 (23.
Ne4 Rc2) 23... Qxa2 24. Rd1 Qe6 25. Ne4 Rc6 26. Qa3 $44 {is a very comfortable
position for White, but it is not so easy to get anything real.}) (20. Ne4 Bf5
21. b4 Rxb4 $1 22. Rxb4 Bxe4 23. Rxc5 Rxc5 24. Rb8+ Kh7 25. fxe4 (25. Bxc5
Qxc5+ 26. Qf2 Qxc4 27. fxe4 Bf6) 25... Rxc4 26. Qxc4 Qe1+ 27. Qf1 Qxe3+) 20...
Bf5 $8 21. Rc1 (21. b4 $2 Bxd3 22. Bxd3 Rxb4) 21... Bxd3 22. Bxd3 e4 $1 23.
Bxe4 Rxb2 24. Qc4 Rb4 25. Qf1 Rb5 26. a4 (26. Bd3 Qa3 $1) 26... e6 $1 27. axb5
exd5 28. Bxd5 Qa3 $1 29. Bf2 axb5 30. Rc2 Qa4 31. Rxc5 Rxc5 32. Bxf7+ (32. Bxc5
Bd4+) 32... Kxf7 33. Bxc5 Bd4+ 34. Bxd4 Qxd4+ 35. Qf2 $11 Qd1+ 36. Qf1 Qxf1+
37. Kxf1 {[#]_|_ Hecht entfernter o^} Ke6 38. Ke2 Ke5 (38... Kd5 {Hecht} 39.
Kd3 b4 (39... Kc5 40. f4 h5 41. g3 Kb4 42. Kc2 (42. h3 Ka3 43. g4 (43. Kc2 Kb4
(43... b4 44. Kb1 Kb3 45. g4 hxg4 46. hxg4 Kc4 $11) (43... Ka2 44. Kc3 Ka3 45.
Kc2 $11)) 43... hxg4 44. hxg4 b4 45. f5 gxf5 46. gxf5 b3 47. f6 b2 48. f7 b1=Q+
$19) 42... Kc4 43. h3 Kd4 44. g4 h4 45. Kb3 Ke4 46. f5 gxf5 47. gxf5 Kxf5 48.
Kb4 Kf4 49. Kxb5 Kg3 $19) 40. g3 b3 (40... h5 41. h4 b3 42. Kc3 b2 43. Kxb2 Kd4
44. g4 Ke3 45. gxh5 gxh5 46. Kc3 Kxf3 47. Kd3 $11) 41. Kc3 b2 42. Kxb2 Kd4 43.
f4 Ke4 44. Kc3 h5 45. Kd2 Kf3 46. Ke1 Kg2 47. Ke2 Kxh2 48. Kf2 $11) 39. Ke3 b4
40. g3 g5 41. Kd3 Kd5 42. f4 gxf4 43. gxf4 h5 44. h4 Kc5 45. f5 Kd5 (45... Kd5
{Hecht} 46. f6 Ke6 47. Kc4 Kxf6 48. Kxb4 Kf5 49. Kc3 Kg4 50. Kd2 Kxh4 51. Ke1
Kg3 52. Kf1 $11) 1/2-1/2

[Event "St Petersburg-ch"]
[Site "St Petersburg"]
[Date "1996.??.??"]
[Round "4"]
[White "Svidler, Peter"]
[Black "Yemelin, Vasily"]
[Result "1/2-1/2"]
[WhiteElo "2650"]
[BlackElo "2460"]
[PlyCount "53"]
[EventDate "1996.04.??"]
[EventType "tourn"]
[EventRounds "13"]
[EventCountry "RUS"]
[EventCategory "11"]
[SourceTitle "CBM 056"]
[Source "ChessBase"]
[SourceDate "1997.02.01"]
[SourceVersion "1"]
[SourceVersionDate "1997.02.01"]
[SourceQuality "1"]

1. e4 e5 2. Nf3 Nc6 3. Bb5 a6 4. Ba4 Nf6 5. O-O Be7 6. Re1 b5 7. Bb3 d6 8. c3
O-O 9. h3 Nb8 10. d4 Nbd7 11. Nbd2 Bb7 12. Bc2 Re8 13. Nf1 Bf8 14. Ng3 g6 15.
b3 c6 16. Bg5 Bg7 17. Qd2 Qc7 18. Bh6 Nf8 19. Bxg7 Kxg7 20. Qg5 Ng8 21. Nh5+
Kh8 22. Nf6 Nxf6 23. Qxf6+ Kg8 24. b4 a5 25. bxa5 Rxa5 26. Bb3 Qe7 27. Qxe7
1/2-1/2

[Event "St Petersburg-ch"]
[Site "St Petersburg"]
[Date "1996.??.??"]
[Round "13"]
[White "Taimanov, Mark E"]
[Black "Svidler, Peter"]
[Result "1/2-1/2"]
[WhiteElo "2470"]
[BlackElo "2650"]
[PlyCount "32"]
[EventDate "1996.04.??"]
[EventType "tourn"]
[EventRounds "13"]
[EventCountry "RUS"]
[EventCategory "11"]
[SourceTitle "CBM 056"]
[Source "ChessBase"]
[SourceDate "1997.02.01"]
[SourceVersion "1"]
[SourceVersionDate "1997.02.01"]
[SourceQuality "1"]

1. Nf3 b5 2. e3 a6 3. b4 e6 4. a3 Nf6 5. d4 a5 6. Bxb5 axb4 7. O-O bxa3 8. Bxa3
Bxa3 9. Rxa3 Rxa3 10. Nxa3 Qe7 11. Qa1 O-O 12. Rb1 c5 13. Nc4 d5 14. Nce5 Qc7
15. dxc5 Qxc5 16. c4 dxc4 1/2-1/2